| 000 | 01825nam a2200505 i 4500 | ||
|---|---|---|---|
| 001 | 20046 | ||
| 003 | KOSZ 005 | ||
| 005 | 20200814133458.0 | ||
| 008 | 000320s1978 pl a f |000 0 pol | ||
| 015 | _aUWD 1980/6906 | ||
| 035 | _a991013462279705066 | ||
| 035 | _a(PL-WaBN)b13627260-48omnis_nlop | ||
| 035 | _ab13627260 | ||
| 035 | _a(OCoLC)830956856 | ||
| 035 | _a(PL)b0000001362726 | ||
| 035 | _a(EXLNZ-48OMNIS_NETWORK)9910458933305606 | ||
| 040 |
_aWA N _cWA N _dKOSZ 005/HR |
||
| 041 | 0 | _apol | |
| 046 | _k1978 | ||
| 080 | _a621.82/.85 | ||
| 080 | _a621.89 | ||
| 080 | _a532 | ||
| 100 | 1 |
_aWierzcholski, Krzysztof _d(1939- ) _eAutor |
|
| 245 | 1 | 0 |
_aHydromagnetyczny nieizotermiczny przepływ cieczy smarującej w poprzecznym łożysku ślizgowym z uwzględnieniem jej sił bezwładności i lepkości / _cKrzysztof Wierzcholski ; [Politechnika Lubelska]. |
| 260 |
_aLublin : _bWydaw-a Uczelniane PL, _c1978. |
||
| 300 |
_a218 s. : _btab. ; _c23 cm. |
||
| 336 |
_aTekst _btxt _2rdacontent |
||
| 337 |
_aBez urządzenia pośredniczącego _bn _2rdamedia |
||
| 338 |
_aWolumin _bnc _2rdacarrier |
||
| 380 | _aKsiążki | ||
| 380 | _aPublikacje naukowe | ||
| 388 | _a1901-2000 | ||
| 388 | _a1945-1989 | ||
| 490 | 1 |
_aPrace Instytutu Organizacji i Zarządzania / PL. Seria A, Rozprawy i Studia ; _vnr 1 |
|
| 504 | _aBibliogr. s. 207-209. | ||
| 650 | 7 |
_aŁożyska ślizgowe _2DBN |
|
| 650 | 7 |
_aPrzepływ _2DBN |
|
| 650 | 7 |
_aSmary _2DBN |
|
| 658 | _aInżynieria i technika | ||
| 710 | 2 |
_aWydawnictwa Uczelniane Politechniki Lubelskiej _4pbl |
|
| 830 | 0 |
_aPrace Instytutu Organizacji i Zarządzania - Politechnika Lubelska _nSeria A |
|
| 830 | 0 |
_aRozprawy i Studia - Politechnika Lubelska _vnr 1 |
|
| 942 |
_2UKD _cKS |
||
| 999 |
_c20046 _d20046 |
||